Teatro Municipal de Santiago: 150 años.

Saved in:
Bibliografiske detaljer
Hovedforfatter: Álvarez Piracés, Rosario (edición)
Andre forfattere: Zaldívar Peralta, Trinidad (investigación, textos, iconografía)
Format: Bog
Sprog:spansk
Udgivet: Santiago, Chile: Quebecor World, 2008.
Udgivelse:Segunda edición.
Fag:
Tags: Tilføj Tag
Ingen Tags, Vær først til at tagge denne postø!

MARC

LEADER 00000nam a22000007a 4500
003 CL-VaPUC
005 20250407202436.0
008 250304t2008 ||||| |||| 00| 0 spa d
999 |c 447091  |d 447089 
020 |a 978-956-8689-00-1 
040 |c Pontificia Universidad Católica de Valparaíso 
082 |2 22  |a 792.0983315 ALV 2008 
100 |9 896286  |a Álvarez Piracés, Rosario  |e edición 
245 |a Teatro Municipal de Santiago: 150 años. 
250 |a Segunda edición. 
260 |a Santiago, Chile:  |b Quebecor World,  |c 2008. 
300 |a 445 páginas:  |b fotografías. 
500 |a c.1-2: Instituto Arcos. 08-01-2025 
583 |c 20250304  |k Yessy Sthefany Diaz Vidal 
610 0 |9 630808  |a Teatro Municipal de Santiago  |v Historia institucional  |y Siglos 19-21  |z Chile 
650 0 |9 268075  |a Teatros   |v Historia artística  |z Chile 
700 |9 896289  |a Zaldívar Peralta, Trinidad  |e investigación  |e textos  |e iconografía 
942 |2 ddc  |c BK  |n 0 
952 |0 0  |1 0  |2 ddc  |4 0  |6 792_098331500000000_ALV_2008  |7 0  |8 A  |9 600546  |a BIBINC  |b BIBINC  |d 2025-03-04  |e Instituto Arcos  |i 5665453  |o 792.0983315 ALV 2008  |p 5665453  |r 2025-03-04  |t 1  |w 2025-03-04  |y BK  |k IFP 
952 |0 0  |1 0  |2 ddc  |4 0  |6 792_098331500000000_ALV_2008  |7 0  |8 A  |9 600547  |a BIBINC  |b BIBINC  |d 2025-03-04  |e Instituto Arcos  |i 5665454  |o 792.0983315 ALV 2008  |p 5665454  |r 2025-03-04  |t 2  |w 2025-03-04  |y BK  |k IFP